[Event "Monaco Sulava Memorial 1st"]
[Site "Monte Carlo"]
[Date "2019.11.29"]
[Round "5"]
[White "Ianniello, Riccardo"]
[Black "Colovic, Aleksandar"]
[Result "0-1"]
[WhiteElo "2111"]
[BlackElo "2292"]
[PlyCount "94"]
[EventDate "2019.11.29"]
[EventType "swiss"]
[EventRounds "9"]
[EventCountry "MNC"]
[SourceTitle "CBM 193 Extra"]
[Source "ChessBase"]
[SourceDate "2020.01.31"]
[SourceVersion "1"]
[SourceVersionDate "2020.01.31"]
[SourceQuality "1"]

1. e4 c5 2. Nf3 d6 3. c3 Nf6 4. Bc4 Nc6 5. Qe2 Bg4 6. h3 Bh5 7. d3 e6 8. Bg5 Be7 9. Nbd2 d5 10. Bb5 0-0 11. Bxc6 bxc6 12. e5 Nd7 13. Bxe7 Qxe7 14. 0-0 Rab8 15. b3 a5 16. Qe3 Bg6 17. Rfe1 a4 18. d4 cxd4 19. Nxd4 Rfc8 20. f4 c5 21. N4f3 h6 22. Kh2 Bc2 23. bxa4 Ra8 24. Rec1 Bg6 25. c4 Rxa4 26. cxd5 exd5 27. Qb3 Rxf4 28. Qxd5 Nb6 29. Qd6 Qxd6 30. exd6 Nd7 31. a4 Bd3 32. a5 Ra8 33. Rc3 Ba6 34. Nb3 Rc4 35. Rac1 Rxc3 36. Rxc3 c4 37. Nbd2 Rc8 38. Nd4 Rc5 39. g4 Rxa5 40. Kg3 Rd5 41. N2f3 Rxd6 42. Nf5 Rd3 43. Rc1 Bb7 44. N5d4 Ne5 45. Kf4 Nxf3 46. Nb5 g5+ 47. Kg3 Nd4+ 0-1

[Event "NATO-ch 10th"]
[Site "Stetten"]
[Date "1999.09.16"]
[Round "5.12"]
[White "Ianniello, Riccardo"]
[Black "Nielsen, Frode Benedikt"]
[Result "1-0"]
[WhiteElo "2350"]
[BlackElo "1873"]
[PlyCount "110"]
[EventDate "1999.09.13"]
[EventType "swiss"]
[EventRounds "7"]
[EventCountry "GER"]
[SourceTitle "EXT 2008"]
[Source "ChessBase"]
[SourceDate "2007.11.25"]
[SourceVersion "1"]
[SourceVersionDate "2007.11.25"]
[SourceQuality "1"]

1. e4 g6 2. d4 Nf6 3. f3 d5 4. e5 Nh5 5. Be3 e6 6. c3 Nd7 7. Bd3 Qh4+ 8. g3 Qd8 9. f4 Ng7 10. Nf3 Nf5 11. Bf2 Be7 12. 0-0 c6 13. Nbd2 h5 14. b4 a6 15. Qe2 b6 16. a4 a5 17. b5 c5 18. h3 Qc7 19. Kg2 Bb7 20. Ng5 Bxg5 21. fxg5 Qd8 22. Nf3 Qe7 23. g4 Ng7 24. Be3 0-0-0 25. Bf4 hxg4 26. hxg4 Rh7 27. Bg3 Rdh8 28. Qd2 c4 29. Bc2 Ne8 30. Rf2 Nc7 31. Raf1 Ne8 32. Ng1 Kc7 33. Rf3 Rg8 34. Nh3 Nf8 35. Qf2 Rgg7 36. Bf4 Nd7 37. Bc1 Kc8 38. Bb2 Kc7 39. Ra1 Rxh3 40. Rxh3 Qxg5 41. Rg1 Qe7 42. Rf1 f6 43. exf6 Ndxf6 44. Bc1 g5 45. Rh6 Ne4 46. Bxe4 dxe4 47. Be3 Bd5 48. Qf8 Kd7 49. Qxe7+ Kxe7 50. Kg3 Nd6 51. Rh8 Ne8 52. Rff8 Nf6 53. Rc8 Nd7 54. Rcg8 Kf7 55. Rxg7+ Kxg7 1-0

[Event "Vitinia op 8th"]
[Site "Vitinia"]
[Date "1996.??.??"]
[Round "?"]
[White "Wyss, Walter"]
[Black "Ianniello, Riccardo"]
[Result "1-0"]
[WhiteElo "2215"]
[BlackElo "2330"]
[PlyCount "81"]
[EventDate "1996.??.??"]
[EventType "swiss"]
[EventRounds "8"]
[EventCountry "ITA"]
[SourceTitle "EXT 2000"]
[Source "ChessBase"]
[SourceDate "1999.11.16"]
[SourceVersion "1"]
[SourceVersionDate "1999.11.16"]
[SourceQuality "1"]

1. e4 d5 2. exd5 Nf6 3. d4 Nxd5 4. c4 Nf6 5. Be2 g6 6. Nc3 Bg7 7. Be3 0-0 8. h3 Nbd7 9. Nf3 b6 10. Qd2 Re8 11. Rd1 Bb7 12. 0-0 e6 13. Bg5 Qe7 14. Ne5 Qf8 15. Bf3 Bxf3 16. Nxf3 h6 17. Bf4 c6 18. Rfe1 Rad8 19. Ne5 Nxe5 20. Bxe5 Nd7 21. Bxg7 Kxg7 22. Qf4 Qb4 23. Qc7 Qxc4 24. Ne4 Qd5 25. Nc3 Qf5 26. Ne4 Rf8 27. d5 Nc5 28. Nxc5 bxc5 29. dxc6 Rc8 30. Qd6 Qc2 31. Qe5+ Kg8 32. c7 c4 33. Rd7 c3 34. bxc3 Qxa2 35. Red1 Qc4 36. Qd6 Kg7 37. Rd8 Rxc7 38. Qxf8+ Kf6 39. R8d7 Rxd7 40. Rxd7 e5 41. Qe7+ 1-0

[Event "Rome op"]
[Site "Rome"]
[Date "1995.??.??"]
[Round "?"]
[White "Ianniello, Riccardo"]
[Black "Quimi, Marco"]
[Result "1/2-1/2"]
[WhiteElo "2320"]
[BlackElo "2200"]
[PlyCount "153"]
[EventDate "1995.??.??"]
[EventType "swiss"]
[EventRounds "9"]
[EventCountry "ITA"]
[SourceTitle "EXT 2000"]
[Source "ChessBase"]
[SourceDate "1999.11.16"]
[SourceVersion "1"]
[SourceVersionDate "1999.11.16"]
[SourceQuality "1"]

1. e4 c5 2. Nf3 Nc6 3. Bc4 e6 4. Qe2 d6 5. c3 Nf6 6. Bb3 Be7 7. 0-0 0-0 8. d4 e5 9. dxc5 dxc5 10. h3 h6 11. Rd1 Qc7 12. Nbd2 Re8 13. Nf1 Bf8 14. Ne3 Be6 15. Bxe6 Rxe6 16. Nd5 Qd8 17. Nh2 Rd6 18. Qf3 Nxd5 19. exd5 Ne7 20. c4 f5 21. Qe3 Ng6 22. b3 b6 23. Bb2 e4 24. f3 Qh4 25. fxe4 fxe4 26. Rf1 Re8 27. Rae1 Rd7 28. Qf2 Qd8 29. Qf5 Nh4 30. Qg4 Qg5 31. Qxg5 hxg5 32. Bc1 g6 33. Bxg5 Nf5 34. Rf4 Bg7 35. g4 Bd4+ 36. Kh1 Nd6 37. Rff1 b5 38. Bf4 bxc4 39. Bxd6 cxb3 40. Bxc5 Bxc5 41. axb3 Rxd5 42. Rf6 Kg7 43. Rc6 Bb6 44. Rc4 e3 45. Nf3 Rf8 46. Kg2 Rd3 47. Re2 Rxb3 48. Nd4 Bxd4 49. Rxd4 Ra8 50. g5 a5 51. Rd7+ Kg8 52. Rc2 Rf8 53. Rcc7 Rf2+ 54. Kg3 Rf5 55. Rd8+ Rf8 56. Rxf8+ Kxf8 57. Kf3 a4 58. Ra7 a3 59. h4 Ke8 60. Rg7 Rb6 61. Ra7 Rb3 62. Rg7 Rb4 63. Ra7 Rc4 64. Ke2 Rxh4 65. Rxa3 Rh2+ 66. Ke1 Rh3 67. Ke2 Rh2+ 68. Ke1 e2 69. Re3+ Kd7 70. Rf3 Rg2 71. Rf7+ Ke8 72. Rg7 Rxg5 73. Kxe2 Kf8 74. Rc7 Rf5 75. Ke3 Rf7 76. Rxf7+ Kxf7 77. Kf3 1/2-1/2

[Event "Rome op"]
[Site "Rome"]
[Date "1995.??.??"]
[Round "?"]
[White "Malloni, Marcello"]
[Black "Ianniello, Riccardo"]
[Result "1/2-1/2"]
[WhiteElo "2195"]
[BlackElo "2320"]
[PlyCount "83"]
[EventDate "1995.??.??"]
[EventType "swiss"]
[EventRounds "9"]
[EventCountry "ITA"]
[SourceTitle "EXT 2000"]
[Source "ChessBase"]
[SourceDate "1999.11.16"]
[SourceVersion "1"]
[SourceVersionDate "1999.11.16"]
[SourceQuality "1"]

1. e4 e5 2. Nc3 Nf6 3. Bc4 d6 4. d3 Be7 5. f4 c6 6. Nf3 Qc7 7. a4 0-0 8. 0-0 d5 9. exd5 cxd5 10. Bb3 e4 11. Ne5 Bb4 12. Ne2 Nc6 13. d4 Na5 14. Ba2 b6 15. c3 Be7 16. Ng3 Rd8 17. Qe2 Bf8 18. f5 Bd6 19. Bg5 Bxe5 20. dxe5 Qxe5 21. Nh5 Kh8 22. Bxf6 gxf6 23. Qg4 Rg8 24. Qh4 Rg5 25. Bxd5 Bb7 26. Bxb7 Nxb7 27. Rae1 Nd6 28. Ng3 Rag8 29. Qf4 Qc5+ 30. Qe3 Qxe3+ 31. Rxe3 Rg4 32. b3 R8g5 33. Re2 h5 34. Rd1 h4 35. Rxd6 hxg3 36. hxg3 Rxf5 37. Rd7 Kg7 38. Rxa7 Re5 39. Rb7 Rxg3 40. Rxb6 Rxc3 41. b4 e3 42. g3 1/2-1/2

[Event "Rome op"]
[Site "Rome"]
[Date "1991.??.??"]
[Round "1"]
[White "Passerotti, Pierluigi"]
[Black "Ianniello, Riccardo"]
[Result "1/2-1/2"]
[WhiteElo "2330"]
[BlackElo "2305"]
[PlyCount "29"]
[EventDate "1991.??.??"]
[EventType "swiss"]
[EventRounds "10"]
[EventCountry "ITA"]
[SourceTitle "EXT 2000"]
[Source "ChessBase"]
[SourceDate "1999.11.16"]
[SourceVersion "1"]
[SourceVersionDate "1999.11.16"]
[SourceQuality "1"]

1. Nf3 d5 2. c4 c6 3. b3 Bg4 4. Ne5 Bf5 5. cxd5 Qxd5 6. Nc4 Qd8 7. Nc3 Nf6 8. Bb2 e6 9. g3 Be7 10. Bg2 0-0 11. 0-0 Nbd7 12. e4 Bg6 13. d4 b5 14. Nd2 e5 15. d5 1/2-1/2